[Event "North Wales op 4th"]
[Site "Llandudno"]
[Date "2019.06.22"]
[Round "2"]
[White "Shakespeare, John"]
[Black "Gogia, Armaan"]
[Result "1-0"]
[WhiteElo "1950"]
[BlackElo "1767"]
[PlyCount "63"]
[EventDate "2019.06.21"]
[EventType "swiss"]
[EventRounds "5"]
[EventCountry "WLS"]
[SourceTitle "EXT 2020"]
[Source "ChessBase"]
[SourceDate "2019.10.17"]
[SourceVersion "1"]
[SourceVersionDate "2019.10.17"]
[SourceQuality "1"]

1. d4 Nf6 2. Nf3 g6 3. c4 Bg7 4. Nc3 0-0 5. e4 d6 6. Be2 e5 7. d5 a5 8. Bg5 h6 9. Bh4 Na6 10. Nd2 Qe8 11. 0-0 Bd7 12. b3 Nh7 13. a3 h5 14. f3 f5 15. Rb1 g5 16. Bf2 f4 17. b4 axb4 18. axb4 Rf6 19. c5 Bf8 20. c6 bxc6 21. dxc6 Be6 22. Nd5 Rf7 23. Qa4 Bxd5 24. exd5 e4 25. fxe4 Nc5 26. Qc2 f3 27. Bxf3 g4 28. bxc5 gxf3 29. Nxf3 Nf6 30. Ng5 Rg7 31. Ne6 Rg4 32. Bd4 1-0

[Event "BCF-ch Seniors 50"]
[Site "Llandudno"]
[Date "2017.08.05"]
[Round "7"]
[White "Clucas, Reg P"]
[Black "Shakespeare, John"]
[Result "1/2-1/2"]
[WhiteElo "1950"]
[BlackElo "1930"]
[PlyCount "80"]
[EventDate "2017.07.30"]
[EventType "swiss"]
[EventRounds "7"]
[EventCountry "WLS"]
[SourceTitle "CBM 179 Extra"]
[Source "ChessBase"]
[SourceDate "2017.08.23"]
[SourceVersion "1"]
[SourceVersionDate "2017.08.23"]
[SourceQuality "1"]

1. e4 e6 2. d4 d5 3. Nd2 Nf6 4. e5 Nfd7 5. Bd3 c5 6. c3 Nc6 7. Ne2 cxd4 8. cxd4 f6 9. exf6 Nxf6 10. Nf3 Bd6 11. 0-0 Qc7 12. Bg5 0-0 13. Qc2 e5 14. dxe5 Nxe5 15. Nxe5 Qxc2 16. Bxc2 Bxe5 17. Rab1 Ne4 18. Be3 b6 19. Rfd1 Bb7 20. f3 Nd6 21. Bd4 Rfe8 22. Bxe5 Rxe5 23. Nc3 Rc8 24. Re1 Rxe1+ 25. Rxe1 d4 26. Bb3+ Kf8 27. Nb1 Nc4 28. Bxc4 Rxc4 29. Na3 Rc5 30. Rd1 Rd5 31. Nc2 d3 32. Nb4 Rd4 33. Nxd3 Ba6 34. Nf2 Rc4 35. Ne4 Rc2 36. Rd2 Rc1+ 37. Kf2 Ke7 38. Ng3 Rc7 39. Nf5+ Kf6 40. Ne3 Bb7 1/2-1/2

[Event "BCF-ch Seniors 50"]
[Site "Llandudno"]
[Date "2017.07.30"]
[Round "1"]
[White "Shakespeare, John"]
[Black "Mason, Donald"]
[Result "1/2-1/2"]
[WhiteElo "1930"]
[BlackElo "2129"]
[PlyCount "60"]
[EventDate "2017.07.30"]
[EventType "swiss"]
[EventRounds "7"]
[EventCountry "WLS"]
[SourceTitle "CBM 179 Extra"]
[Source "ChessBase"]
[SourceDate "2017.08.23"]
[SourceVersion "1"]
[SourceVersionDate "2017.08.23"]
[SourceQuality "1"]

1. d4 Nf6 2. Nf3 g6 3. c4 Bg7 4. Nc3 0-0 5. e4 d6 6. Be2 e5 7. d5 a5 8. Bg5 h6 9. Bh4 Na6 10. Nd2 Qe8 11. a3 Bd7 12. 0-0 Nh7 13. Rb1 h5 14. f3 a4 15. b4 axb3 16. Nxb3 Bh6 17. Bf2 b6 18. Nb5 Qe7 19. a4 h4 20. a5 Rfb8 21. Nxc7 Nxc7 22. axb6 Ne8 23. Qe1 Bf4 24. Qc3 Qg5 25. Kh1 Nhf6 26. Rfd1 Nh5 27. Bf1 Ng3+ 28. Kg1 Nxf1 29. Kxf1 Bxh2 30. Na5 Nf6 1/2-1/2

[Event "WLS-ch 62nd"]
[Site "Cardiff"]
[Date "2016.03.28"]
[Round "7"]
[White "Shakespeare, John"]
[Black "Camp, Syringa Lyn"]
[Result "1-0"]
[WhiteElo "1948"]
[BlackElo "1681"]
[PlyCount "63"]
[EventDate "2016.03.25"]
[EventType "swiss"]
[EventRounds "7"]
[EventCountry "WLS"]
[SourceTitle "CBM 171 Extra"]
[Source "ChessBase"]
[SourceDate "2016.04.26"]
[SourceVersion "1"]
[SourceVersionDate "2016.04.26"]
[SourceQuality "1"]

1. d4 g6 2. Nf3 Bg7 3. c4 c5 4. d5 d6 5. Nc3 Nf6 6. h3 a6 7. a4 Nbd7 8. Qc2 0-0 9. Bf4 Ne8 10. e3 Ne5 11. Be2 Nxf3+ 12. Bxf3 e5 13. dxe6 fxe6 14. Bg3 Qb6 15. a5 Qc7 16. h4 Rxf3 17. gxf3 Qf7 18. 0-0-0 Qxf3 19. h5 Qf8 20. hxg6 h6 21. Na4 Bd7 22. Nb6 Rd8 23. Bh4 Nf6 24. Nxd7 Rxd7 25. Bg3 Qd8 26. Bf4 Qxa5 27. Bxh6 d5 28. Kb1 b5 29. Bxg7 Rxg7 30. cxd5 Nxd5 31. Rxd5 exd5 32. Qf5 1-0

[Event "WLS-ch 62nd"]
[Site "Cardiff"]
[Date "2016.03.26"]
[Round "3"]
[White "Shakespeare, John"]
[Black "Staniforth, Matthew"]
[Result "1/2-1/2"]
[WhiteElo "1948"]
[BlackElo "1857"]
[PlyCount "64"]
[EventDate "2016.03.25"]
[EventType "swiss"]
[EventRounds "7"]
[EventCountry "WLS"]
[SourceTitle "CBM 171 Extra"]
[Source "ChessBase"]
[SourceDate "2016.04.26"]
[SourceVersion "1"]
[SourceVersionDate "2016.04.26"]
[SourceQuality "1"]

1. d4 c5 2. d5 e5 3. e4 d6 4. Nc3 Be7 5. Nf3 a6 6. a4 Bg4 7. h3 Bxf3 8. Qxf3 Bg5 9. Bxg5 Qxg5 10. h4 Qe7 11. a5 Nd7 12. Nd1 Ngf6 13. Ne3 g6 14. Nc4 Nh5 15. g3 0-0 16. Bh3 Rab8 17. 0-0 Ng7 18. Ne3 Kh8 19. Ng2 f5 20. Ra3 fxe4 21. Qxe4 Nf6 22. Qc4 Nf5 23. Rd3 e4 24. Ra3 Qe5 25. Bxf5 gxf5 26. Nf4 Rg8 27. Qc3 Rg4 28. Rd1 Rd8 29. Qxe5 dxe5 30. Ne6 Rxd5 31. Rxd5 Nxd5 32. Nxc5 e3 1/2-1/2

[Event "WLS-ch 61st"]
[Site "Cardiff"]
[Date "2015.04.04"]
[Round "3"]
[White "Shakespeare, John"]
[Black "James, Dai"]
[Result "1/2-1/2"]
[WhiteElo "1934"]
[BlackElo "1921"]
[PlyCount "66"]
[EventDate "2015.04.03"]
[EventType "swiss"]
[EventRounds "7"]
[EventCountry "WLS"]
[SourceTitle "CBM 165 Extra"]
[Source "ChessBase"]
[SourceDate "2015.04.21"]
[SourceVersion "1"]
[SourceVersionDate "2015.04.21"]
[SourceQuality "1"]

1. d4 e6 2. Nf3 c5 3. e3 Nf6 4. Bd3 d5 5. c4 Nc6 6. 0-0 Be7 7. Nc3 0-0 8. b3 b6 9. Bb2 Bb7 10. Rc1 a6 11. Qe2 cxd4 12. exd4 dxc4 13. Bxc4 b5 14. Bd3 Nxd4 15. Nxd4 Qxd4 16. Ne4 Qd5 17. Rc7 Nxe4 18. Rxb7 Qxb7 19. Bxe4 Qa7 20. Qh5 f5 21. Bxa8 Qxa8 22. Re1 Bf6 23. Qe2 Bxb2 24. Qxb2 Qd5 25. Qe2 Rd8 26. f4 Rd6 27. Kf1 Kf7 28. Qh5+ Kf8 29. Rc1 Qd3+ 30. Qe2 Qxe2+ 31. Kxe2 Kf7 32. Rc7+ Kf6 33. h4 h6 1/2-1/2

[Event "WLS-ch 61st"]
[Site "Cardiff"]
[Date "2015.04.03"]
[Round "1"]
[White "Shakespeare, John"]
[Black "Blackburn, Jonathan LB"]
[Result "0-1"]
[WhiteElo "1934"]
[BlackElo "2173"]
[PlyCount "86"]
[EventDate "2015.04.03"]
[EventType "swiss"]
[EventRounds "7"]
[EventCountry "WLS"]
[SourceTitle "CBM 165 Extra"]
[Source "ChessBase"]
[SourceDate "2015.04.21"]
[SourceVersion "1"]
[SourceVersionDate "2015.04.21"]
[SourceQuality "1"]

1. d4 Nf6 2. Nf3 g6 3. c4 Bg7 4. Nc3 0-0 5. e4 d6 6. Be2 Nbd7 7. 0-0 e5 8. d5 a5 9. Bg5 h6 10. Bh4 g5 11. Bg3 Nh5 12. Ne1 Nf4 13. Bg4 Nb6 14. Bxc8 Qxc8 15. Rc1 Qd7 16. b3 a4 17. Nc2 f5 18. Ne3 fxe4 19. Nxe4 axb3 20. axb3 Ra2 21. Nc3 Ra3 22. Ne4 Ra2 23. Nc3 Ra3 24. Ne4 Qf7 25. Rb1 Qg6 26. f3 Nd7 27. Nc2 Ra2 28. b4 Nf6 29. Nxf6+ Bxf6 30. Rf2 Rfa8 31. c5 h5 32. h3 h4 33. Bh2 Nd3 34. Rd2 Nb2 35. Qc1 Nc4 36. Rf2 Qd3 37. cxd6 cxd6 38. Qd1 Qc3 39. Re2 Nb2 40. Qd2 Qxd2 41. Rxd2 Nc4 42. Rf2 Bd8 43. Kf1 Rxc2 0-1

[Event "Colwyn Bay op"]
[Site "Colwyn Bay"]
[Date "2014.07.06"]
[Round "5"]
[White "McDonagh, Michael"]
[Black "Shakespeare, John"]
[Result "0-1"]
[WhiteElo "2202"]
[BlackElo "2072"]
[PlyCount "68"]
[EventDate "2014.07.04"]
[EventType "swiss"]
[EventRounds "5"]
[EventCountry "WLS"]
[SourceTitle "EXT 2016"]
[Source "ChessBase"]
[SourceDate "2015.10.08"]
[SourceVersion "1"]
[SourceVersionDate "2015.10.08"]
[SourceQuality "1"]

1. b3 e5 2. Bb2 d6 3. e3 Nf6 4. c4 Nbd7 5. d4 g6 6. Nf3 Qe7 7. Be2 Bg7 8. Nc3 0-0 9. 0-0 e4 10. Nd2 h5 11. Qc2 Re8 12. b4 Nf8 13. a4 N8h7 14. b5 Bf5 15. Ba3 c6 16. a5 c5 17. Nb3 b6 18. axb6 axb6 19. Bb2 Ng5 20. Qd2 h4 21. dxc5 dxc5 22. Rxa8 Rxa8 23. Rd1 Bf8 24. Nd5 Nxd5 25. cxd5 Bg7 26. d6 Qd7 27. Bxg7 Kxg7 28. Qd5 Rd8 29. Qc6 Be6 30. Nxc5 bxc5 31. Qxc5 Kh6 32. Qb4 Bg4 33. Bxg4 Qxg4 34. Qb3 h3 0-1

[Event "Colwyn Bay op"]
[Site "Colwyn Bay"]
[Date "2014.07.05"]
[Round "3"]
[White "Evans, Paul"]
[Black "Shakespeare, John"]
[Result "1-0"]
[WhiteElo "2018"]
[BlackElo "2072"]
[PlyCount "131"]
[EventDate "2014.07.04"]
[EventType "swiss"]
[EventRounds "5"]
[EventCountry "WLS"]
[SourceTitle "EXT 2016"]
[Source "ChessBase"]
[SourceDate "2015.10.08"]
[SourceVersion "1"]
[SourceVersionDate "2015.10.08"]
[SourceQuality "1"]

1. e4 e6 2. Nf3 d5 3. Nc3 Nf6 4. e5 Nfd7 5. d4 Be7 6. Ne2 c5 7. c3 Nc6 8. g3 b6 9. Qa4 Bb7 10. a3 a5 11. Be3 Qc7 12. Nf4 c4 13. Bh3 b5 14. Qc2 Nf8 15. Nh5 Rg8 16. Bg5 Ba6 17. 0-0 h6 18. Bxe7 Kxe7 19. Bg2 Nd7 20. Nd2 g6 21. Nf4 Nb6 22. Rfe1 Rg7 23. Nf1 Kd7 24. Ne3 Ne7 25. Ng4 Kc6 26. Nxh6 Rh8 27. Ng4 Bb7 28. Nf6 g5 29. Ne2 Rg6 30. Reb1 Rgh6 31. h3 a4 32. Qd2 Rg6 33. g4 Qd8 34. Ng3 Ng8 35. Nxg8 Qxg8 36. Re1 Bc8 37. Qe2 Kc7 38. Nh5 Rgh6 39. Qf3 Qg6 40. Qf6 Qxf6 41. Nxf6 Kc6 42. Re3 Nd7 43. Nxd7 Kxd7 44. Rf1 Ke7 45. f4 Rg8 46. Ref3 f6 47. fxg5 fxg5 48. Rf7+ Ke8 49. Ra7 Rhh8 50. Rff7 Rf8 51. Rae7+ Kd8 52. Rxf8+ Rxf8 53. Rg7 Bd7 54. Rxg5 Kc7 55. h4 b4 56. axb4 a3 57. bxa3 Ra8 58. h5 Rxa3 59. h6 Rxc3 60. h7 Rc1+ 61. Kh2 c3 62. h8Q c2 63. Qa8 Rh1+ 64. Bxh1 c1Q 65. Qa7+ Kd8 66. Rg8+ 1-0

[Event "High Wycombe op"]
[Site "High Wycombe"]
[Date "2013.10.13"]
[Round "4"]
[White "Shakespeare, John"]
[Black "Jones, Steven"]
[Result "0-1"]
[WhiteElo "1950"]
[BlackElo "2046"]
[PlyCount "118"]
[EventDate "2013.10.11"]
[EventType "swiss"]
[EventRounds "9"]
[EventCountry "ENG"]
[SourceTitle "CBM 157 Extra"]
[Source "ChessBase"]
[SourceDate "2013.12.19"]
[SourceVersion "1"]
[SourceVersionDate "2013.12.19"]
[SourceQuality "1"]

1. d4 Nf6 2. Nf3 e6 3. Bg5 h6 4. Bf4 c5 5. e3 b6 6. Bd3 Bb7 7. Nbd2 Nc6 8. c3 d6 9. Qe2 cxd4 10. exd4 Be7 11. 0-0-0 a6 12. Rhe1 b5 13. g4 Nd5 14. Bg3 Qa5 15. Kb1 0-0-0 16. Nb3 Qb6 17. Rc1 Kb8 18. c4 bxc4 19. Bxc4 Na5 20. Nc5 Nxc4 21. Qxc4 Ka7 22. Nxb7 Kxb7 23. Qa4 Qb5 24. Qxb5+ axb5 25. h4 Ra8 26. Red1 Ra6 27. Nd2 Rha8 28. Ne4 f5 29. gxf5 exf5 30. Nc3 Nxc3+ 31. Rxc3 Rxa2 32. Rb3 Ra1+ 33. Kc2 Rxd1 34. Kxd1 Kc6 35. Kd2 Ra4 36. Rd3 Kd5 37. Kc3 Bf6 38. b3 Rxd4 39. Rxd4+ Bxd4+ 40. Kd3 Bc5 41. h5 Ke6 42. Bh4 Ke5 43. Bg3+ Kf6 44. Bh4+ Ke5 45. Bg3+ f4 46. Bh4 f3 47. Be7 Bxf2 48. Bf8 Kf6 49. Bxd6 Kg5 50. Ke4 Kxh5 51. Kxf3 Bd4 52. Ke4 Bc3 53. Kd3 b4 54. Ke2 Kg4 55. Bf8 h5 56. Kf1 Kf3 57. Kg1 g5 58. Be7 g4 59. Bh4 g3 0-1

[Event "Sunningdale e2e4 op 07"]
[Site "Ascot"]
[Date "2013.07.07"]
[Round "5"]
[White "Shakespeare, John"]
[Black "Compton, Alistair"]
[Result "1/2-1/2"]
[WhiteElo "1921"]
[BlackElo "2108"]
[PlyCount "69"]
[EventDate "2013.07.05"]
[EventType "swiss"]
[EventRounds "5"]
[EventCountry "ENG"]
[SourceTitle "CBM 155 Extra"]
[Source "ChessBase"]
[SourceDate "2013.08.26"]
[SourceVersion "1"]
[SourceVersionDate "2013.08.26"]
[SourceQuality "1"]

1. d4 e6 2. Nf3 d5 3. Bg5 Be7 4. Bxe7 Nxe7 5. e3 0-0 6. Bd3 c5 7. c3 Nbc6 8. Nbd2 Qd6 9. 0-0 Bd7 10. Ng5 h6 11. Nh7 Rfd8 12. f4 f5 13. Nf6+ gxf6 14. Qh5 Kg7 15. Rf3 Be8 16. Rg3+ Bg6 17. Nf3 Kf7 18. Rxg6 Nxg6 19. Nh4 Nce7 20. g4 Rg8 21. gxf5 exf5 22. Bxf5 Nxf5 23. Nxf5 Qe6 24. Kf2 Rh8 25. Rg1 Rag8 26. dxc5 Kf8 27. Rxg6 Rxg6 28. Qxg6 Qf7 29. Qg2 Rg8 30. Qh3 Qh7 31. Nxh6 Qc2+ 32. Kf3 Qd1+ 33. Kf2 Qg1+ 34. Kf3 Qh1+ 35. Kf2 1/2-1/2

[Event "Sunningdale e2e4 op 07"]
[Site "Ascot"]
[Date "2013.07.05"]
[Round "1"]
[White "Shakespeare, John"]
[Black "Anderson, John"]
[Result "0-1"]
[WhiteElo "1921"]
[BlackElo "2189"]
[PlyCount "116"]
[EventDate "2013.07.05"]
[EventType "swiss"]
[EventRounds "5"]
[EventCountry "ENG"]
[SourceTitle "CBM 155 Extra"]
[Source "ChessBase"]
[SourceDate "2013.08.26"]
[SourceVersion "1"]
[SourceVersionDate "2013.08.26"]
[SourceQuality "1"]

1. d4 d5 2. Nf3 Nf6 3. c4 c6 4. e3 Bf5 5. Qb3 Qb6 6. Nc3 Qxb3 7. axb3 e6 8. Be2 Nbd7 9. 0-0 Be7 10. cxd5 exd5 11. Nd2 0-0 12. f3 c5 13. g4 Be6 14. g5 Ne8 15. f4 f5 16. Bf3 Nc7 17. Bg2 a6 18. Nf3 Rfe8 19. Bd2 b5 20. Ne5 Nxe5 21. dxe5 Red8 22. Ne2 b4 23. Rfc1 Rab8 24. Ra5 Rb5 25. Rca1 Rxa5 26. Rxa5 Bc8 27. Ra1 Bd7 28. Kf2 Bb5 29. Rc1 Ne6 30. h4 h5 31. Ng3 g6 32. Ke1 Kf7 33. Bf1 Bxf1 34. Nxf1 Rd7 35. Ra1 Nc7 36. Ra4 Ke6 37. Ke2 Rd8 38. Be1 Kd7 39. Nd2 Kc6 40. Nf3 Kb5 41. Ra1 Ne6 42. Bd2 a5 43. Bc1 Rd7 44. Bd2 Bd8 45. Bc1 Bb6 46. Bd2 c4 47. Rc1 Ra7 48. bxc4+ dxc4 49. Rd1 Rd7 50. Ne1 a4 51. Nc2 Bc5 52. Ra1 Rd3 53. Ne1 Rb3 54. Bc1 Nc7 55. e4 fxe4 56. f5 gxf5 57. g6 Ne6 58. Nc2 Rg3 0-1

[Event "Sunningdale e2e4 op"]
[Site "Ascot"]
[Date "2013.05.27"]
[Round "6"]
[White "Shakespeare, John"]
[Black "Truman, Richard G"]
[Result "1-0"]
[WhiteElo "1919"]
[BlackElo "1916"]
[PlyCount "81"]
[EventDate "2013.05.24"]
[EventType "swiss"]
[EventRounds "7"]
[EventCountry "ENG"]
[SourceTitle "CBM 154 Extra"]
[Source "ChessBase"]
[SourceDate "2013.06.25"]
[SourceVersion "2"]
[SourceVersionDate "2013.06.25"]
[SourceQuality "1"]

1. d4 Nf6 2. Nf3 g6 3. c4 Bg7 4. Nc3 d5 5. cxd5 Nxd5 6. Qb3 Nb6 7. e3 0-0 8. Bd2 Be6 9. Qc2 Nc6 10. Ne4 Bf5 11. Bd3 Nd5 12. a3 e5 13. dxe5 Nxe5 14. Nxe5 Bxe5 15. 0-0 c6 16. Rad1 Qc7 17. f4 Bg7 18. Bc1 Rfe8 19. Ng3 Bxd3 20. Rxd3 Qb6 21. Rb3 Qc7 22. Kh1 Bh6 23. e4 Nxf4 24. Rbf3 g5 25. Nf5 Bf8 26. Bxf4 gxf4 27. Rxf4 Rad8 28. Qf2 Rd3 29. Qh4 Qd8 30. Qh5 Re6 31. Rh4 h6 32. Nxh6+ Rxh6 33. Qxf7+ Kh8 34. Qxf8+ Qxf8 35. Rxf8+ Kg7 36. Rhf4 Re6 37. R8f7+ Kg6 38. Rf1 Rxe4 39. Rxb7 Re2 40. Rg1 Rdd2 41. b4 1-0

[Event "Chester e2e4 op-A"]
[Site "Chester"]
[Date "2013.01.20"]
[Round "5"]
[White "Taylor, Robert Keith"]
[Black "Shakespeare, John"]
[Result "1/2-1/2"]
[WhiteElo "2040"]
[BlackElo "1930"]
[PlyCount "89"]
[EventDate "2013.01.18"]
[EventType "swiss"]
[EventRounds "5"]
[EventCountry "ENG"]
[SourceTitle "CBM 152 Extra"]
[Source "ChessBase"]
[SourceDate "2013.02.25"]
[SourceVersion "1"]
[SourceVersionDate "2013.02.25"]
[SourceQuality "1"]

1. e4 c6 2. Nc3 d5 3. Qf3 e6 4. d4 Nf6 5. e5 Nfd7 6. Qg3 b6 7. Bd2 Ba6 8. Nge2 c5 9. h4 Nc6 10. dxc5 bxc5 11. f4 Qb6 12. b3 Nd4 13. Na4 Qc6 14. Nxd4 cxd4 15. Bxa6 Qxa6 16. Qd3 Qxd3 17. cxd3 Rc8 18. Ke2 Be7 19. b4 f6 20. Rac1 Kf7 21. exf6 Kxf6 22. Kd1 h5 23. Re1 Kf5 24. g3 g6 25. a3 e5 26. fxe5 Nxe5 27. Rxc8 Rxc8 28. Bf4 Bf6 29. Nc5 a5 30. Re2 axb4 31. axb4 Ra8 32. Kc1 Ra3 33. Kb2 Rc3 34. Rc2 Nxd3+ 35. Nxd3 Rxd3 36. Rc5 Ke4 37. Rc6 Bxh4 38. Re6+ Kf5 39. Re5+ Kf6 40. b5 Bxg3 41. Bxg3 Rxg3 42. b6 Rg2+ 43. Kb1 Rg3 44. Kb2 Rg2+ 45. Kb1 1/2-1/2

[Event "Chester e2e4 op-A"]
[Site "Chester"]
[Date "2013.01.19"]
[Round "2"]
[White "Burke, Mitchell R"]
[Black "Shakespeare, John"]
[Result "1-0"]
[WhiteElo "1952"]
[BlackElo "1930"]
[PlyCount "69"]
[EventDate "2013.01.18"]
[EventType "swiss"]
[EventRounds "5"]
[EventCountry "ENG"]
[SourceTitle "CBM 152 Extra"]
[Source "ChessBase"]
[SourceDate "2013.02.25"]
[SourceVersion "1"]
[SourceVersionDate "2013.02.25"]
[SourceQuality "1"]

1. e4 c6 2. d4 d5 3. exd5 cxd5 4. c4 Nf6 5. Nc3 e6 6. Nf3 Be7 7. c5 0-0 8. Bf4 b6 9. b4 bxc5 10. bxc5 Nh5 11. Be3 Nf6 12. Bf4 Nh5 13. Bxb8 Rxb8 14. Ne5 Qa5 15. Rc1 Bg5 16. Rc2 Rb2 17. Bd3 Rxc2 18. Qxc2 g6 19. 0-0 Nf4 20. Rb1 Nxd3 21. Qxd3 Bf6 22. Nc6 Ba6 23. Qf3 Qc7 24. Nxd5 exd5 25. Qxf6 Re8 26. Ne5 Re6 27. Qf3 Bc4 28. Nxc4 dxc4 29. g3 Qa5 30. c6 c3 31. Kg2 Kg7 32. Rc1 Rf6 33. Qxc3 Qxa2 34. Rc2 Qd5+ 35. f3 1-0

[Event "Sunningdale e2e4 Major op"]
[Site "Sunningdale"]
[Date "2011.05.30"]
[Round "6"]
[White "Shakespeare, John"]
[Black "Kelly, Anthony G"]
[Result "0-1"]
[WhiteElo "1867"]
[BlackElo "1978"]
[PlyCount "70"]
[EventDate "2011.05.27"]
[EventType "swiss"]
[EventRounds "7"]
[EventCountry "ENG"]
[SourceTitle "EXT 2023"]
[Source "ChessBase"]
[SourceDate "2022.10.05"]
[SourceVersion "1"]
[SourceVersionDate "2022.10.05"]
[SourceQuality "1"]

1. d4 Nf6 2. Nf3 e6 3. e3 b6 4. Bd3 Bb7 5. 0-0 c5 6. Nbd2 Nc6 7. c3 d6 8. e4 cxd4 9. cxd4 Be7 10. a3 0-0 11. Re1 Nd7 12. b4 Bf6 13. Bb2 g6 14. Nc4 Qe7 15. b5 Na5 16. Nxa5 bxa5 17. Qd2 a4 18. Rac1 Rfc8 19. Rxc8+ Rxc8 20. Qa5 Nb6 21. Qxa7 Nc4 22. Bxc4 Rxc4 23. Qa5 Qd7 24. h3 Bd8 25. b6 Qc6 26. d5 Qxb6 27. Qxb6 Bxb6 28. dxe6 fxe6 29. Bf6 Bc5 30. Nd2 Rc2 31. Bg5 Bxa3 32. Ra1 Rc1+ 33. Rxc1 Bxc1 34. f3 a3 35. h4 h6 0-1

[Event "Sunningdale e2e4 Major op"]
[Site "Sunningdale"]
[Date "2011.05.29"]
[Round "4"]
[White "Shakespeare, John"]
[Black "Bryant, Richard BE"]
[Result "1-0"]
[WhiteElo "1867"]
[BlackElo "1968"]
[PlyCount "99"]
[EventDate "2011.05.27"]
[EventType "swiss"]
[EventRounds "7"]
[EventCountry "ENG"]
[SourceTitle "EXT 2023"]
[Source "ChessBase"]
[SourceDate "2022.10.05"]
[SourceVersion "1"]
[SourceVersionDate "2022.10.05"]
[SourceQuality "1"]

1. d4 d5 2. Nf3 Nf6 3. c4 c6 4. e3 e6 5. Nbd2 Nbd7 6. Bd3 Bd6 7. 0-0 0-0 8. e4 dxe4 9. Nxe4 Nxe4 10. Bxe4 f5 11. Bc2 c5 12. Re1 Qf6 13. Bg5 Qg6 14. Qd2 Nb6 15. dxc5 Nxc4 16. Qd4 Ne5 17. Rxe5 Bxe5 18. Qxe5 Bd7 19. Bb3 Rae8 20. Qg3 h6 21. Bf4 Qxg3 22. hxg3 g5 23. Bd6 Rf6 24. Ne5 Bb5 25. a4 Bc6 26. Nxc6 bxc6 27. Re1 h5 28. Re5 Kf7 29. Bd1 Rh6 30. Be2 Kf6 31. f4 g4 32. Bd3 Rg8 33. Bc4 Re8 34. b4 h4 35. gxh4 Rxh4 36. g3 Rh5 37. b5 cxb5 38. axb5 Kf7 39. Re2 Rh3 40. Kf2 Rh1 41. Ra2 Reh8 42. Rxa7+ Kg6 43. Ra2 Rc1 44. Bf1 Rc3 45. b6 Rf3+ 46. Kg1 Rxg3+ 47. Bg2 Rb3 48. b7 g3 49. c6 Rh2 50. b8Q 1-0

[Event "Sunningdale e2e4 Major op"]
[Site "Sunningdale"]
[Date "2011.05.28"]
[Round "3"]
[White "Adebajo, Olufemi"]
[Black "Shakespeare, John"]
[Result "0-1"]
[WhiteElo "1973"]
[BlackElo "1867"]
[PlyCount "110"]
[EventDate "2011.05.27"]
[EventType "swiss"]
[EventRounds "7"]
[EventCountry "ENG"]
[SourceTitle "EXT 2023"]
[Source "ChessBase"]
[SourceDate "2022.10.05"]
[SourceVersion "1"]
[SourceVersionDate "2022.10.05"]
[SourceQuality "1"]

1. e4 c6 2. Nc3 d5 3. Nf3 Bg4 4. h3 Bxf3 5. Qxf3 e6 6. e5 Nd7 7. d4 Ne7 8. Be3 Nf5 9. 0-0-0 Nxe3 10. fxe3 Be7 11. Kb1 b5 12. Qg4 0-0 13. Ne2 Bg5 14. Nf4 Bxf4 15. exf4 f5 16. exf6 Rxf6 17. Bd3 Qc7 18. Rhf1 a6 19. Rde1 Nf8 20. f5 exf5 21. Rxf5 Rxf5 22. Bxf5 Qf7 23. c3 Re8 24. Re5 g6 25. Bd3 c5 26. Qe2 Rxe5 27. dxe5 Qe6 28. Qe3 Nd7 29. Be2 Qxe5 30. Qxe5 Nxe5 31. a4 c4 32. axb5 axb5 33. Kc2 Kf7 34. Kd2 Kf6 35. Ke3 Nc6 36. Bg4 Ke5 37. Bd7 d4+ 38. cxd4+ Nxd4 39. Be8 b4 40. g4 c3 41. bxc3 bxc3 42. h4 c2 43. Kd2 Kf4 44. h5 Kg5 45. Kc1 Kh6 46. Kd2 g5 47. Ba4 Kg7 48. Bxc2 Nxc2 49. Kxc2 Kf6 50. Kd3 Ke5 51. Ke3 h6 52. Kf3 Kd4 53. Kf2 Ke4 54. Kg3 Ke3 55. Kg2 Kf4 0-1

[Event "Sunningdale e2e4 Major op"]
[Site "Sunningdale"]
[Date "2011.05.28"]
[Round "2"]
[White "Shakespeare, John"]
[Black "Taylor, Robert Graham"]
[Result "1/2-1/2"]
[WhiteElo "1867"]
[BlackElo "1996"]
[PlyCount "89"]
[EventDate "2011.05.27"]
[EventType "swiss"]
[EventRounds "7"]
[EventCountry "ENG"]
[SourceTitle "EXT 2023"]
[Source "ChessBase"]
[SourceDate "2022.10.05"]
[SourceVersion "1"]
[SourceVersionDate "2022.10.05"]
[SourceQuality "1"]

1. d4 Nf6 2. Nf3 g6 3. c4 Bg7 4. Nc3 0-0 5. e4 d6 6. Be2 e5 7. d5 Nbd7 8. Bg5 h6 9. Bh4 Re8 10. Qc2 Nf8 11. Nd2 c6 12. f3 Qc7 13. 0-0 N8h7 14. Rac1 c5 15. a3 Nh5 16. b4 Nf4 17. Rfe1 b6 18. Bf1 a6 19. bxc5 bxc5 20. Rb1 Bd7 21. Rb2 Bf6 22. Bf2 Reb8 23. Reb1 Rxb2 24. Qxb2 Bd8 25. Nb3 Rb8 26. Be1 f5 27. g3 Nh5 28. Qc1 Bg5 29. Bd2 f4 30. g4 Ng7 31. Nd1 Bd8 32. Na5 Rxb1 33. Qxb1 h5 34. h3 hxg4 35. hxg4 Ng5 36. Kf2 Ba4 37. Be2 Qe7 38. Kg2 Nf7 39. Nf2 Ne8 40. Nc6 Qh4 41. Nxd8 Nxd8 42. Nh1 Qe7 43. Bd1 Bxd1 44. Qxd1 Qb7 45. Qc2 1/2-1/2

[Event "Runcorn op"]
[Site "Runcorn"]
[Date "2010.09.26"]
[Round "5"]
[White "Shakespeare, John"]
[Black "Psaila, Mario"]
[Result "1-0"]
[WhiteElo "1906"]
[BlackElo "1926"]
[PlyCount "43"]
[EventDate "2010.09.24"]
[EventType "swiss"]
[EventRounds "5"]
[EventCountry "ENG"]
[SourceTitle "CBM 138 Extra"]
[Source "ChessBase"]
[SourceDate "2010.10.29"]
[SourceVersion "1"]
[SourceVersionDate "2010.10.29"]
[SourceQuality "1"]

1. d4 Nf6 2. Nf3 e6 3. e3 c5 4. c4 cxd4 5. exd4 d5 6. Nc3 Be7 7. Bd3 dxc4 8. Bxc4 0-0 9. 0-0 Nbd7 10. Re1 Nb6 11. Bb3 Nbd5 12. Bg5 Nxc3 13. bxc3 h6 14. Bh4 Nd5 15. Bxe7 Nxe7 16. Qd3 b6 17. Ne5 Nd5 18. Bc2 Nf6 19. Re3 Re8 20. Rf3 Bb7 21. Rxf6 Qd5 22. Qh7+ 1-0